000 00715cab a2200241 4500
001 WB3519-11
008 090401t1999 xxu||||| |||| 00| 0 eng d
035 _a(Sirsi) u93484
041 _aeng
245 _aBalance of power
260 _c1999
350 _a0
490 _aHerald
_v20 May 1999, 1-2(2)
520 _aEdinburgh's explosive property demand is not being driven by Parliament-related activities according to DTZ Debenham Thorpe and Weatherall Green.
650 _aDEVOLUTION
650 _aEDINBURGH
650 _aOFFICE SPACE
650 _aPROPERTY MARKET
650 _aSCOTLAND
690 _aPROPERTY-COMMERCIAL PROPERTY-COMMERCIAL PROPERTY MARKET
942 _n0
948 _c20/05/1999
999 _c59240
_d59240